OLDEST LANGUAGES of the world - Statistics

General Stats
  • This quiz has been taken 162 times
  • The average score is 4 of 7
Answer Stats
Answer % Correct
Latin
79%
Arabic
75%
Chinese
70%
Greek
68%
Hebrew
62%
Sanskrit
43%
Tamil
32%
No matching quizzes found
Score Distribution
Percent of People with Each Score
Percentile by Number Answered
Your Score History
You have not taken this quiz